书目信息 |
| 题名: |
幼儿园探究式环境创设
|
|
| 作者: | 蔡秀萍 主编 | |
| 分册: | ||
| 出版信息: | 北京 北京师范大学出版社 2014 |
|
| 页数: | 218页 | |
| 开本: | 24cm | |
| 丛书名: | ||
| 单 册: | ||
| 中图分类: | G617 | |
| 科图分类: | ||
| 主题词: | 幼儿园--you er yuan--教育环境--研究 | |
| 电子资源: | ||
| ISBN: | 978-7-303-16221-5 | |
| 000 | 00713nam0 2200241 45 | |
| 001 | 012001005121 | |
| 005 | 20140101112320.0 | |
| 010 | @a978-7-303-16221-5@dCNY32.00 | |
| 099 | @aCAL 012013134809 | |
| 100 | @a20130712d2013 ekmy0chiy50 ea | |
| 101 | 0 | @achi |
| 102 | @aCN@b110000 | |
| 105 | @aafk a 000yy | |
| 106 | @ar | |
| 200 | 1 | @a幼儿园探究式环境创设@Ayou er yuan tan jiu shi huan jing chuang she@f蔡秀萍主编 |
| 210 | @a北京@c北京师范大学出版社@d2014 | |
| 215 | @a218页@c图式(部分彩图)@d24cm | |
| 320 | @a有书目 | |
| 606 | 0 | @a幼儿园@Ayou er yuan@x教育环境@x研究 |
| 690 | @aG617@v5 | |
| 701 | 0 | @a蔡秀萍@Acai xiu ping@4主编 |
| 801 | 2 | @aCN@b江苏凤凰@c20191020 |
| 905 | @b1207420-1@dG617@e1002@f2 | |
| 幼儿园探究式环境创设/蔡秀萍主编.-北京:北京师范大学出版社,2014 |
| 218页:图式(部分彩图);24cm |
| ISBN 978-7-303-16221-5:CNY32.00 |
| ● |
| 相关链接 |
|
|
|
|
正题名:幼儿园探究式环境创设
索取号:G617/1002
 
预约/预借
| 序号 | 登录号 | 条形码 | 馆藏地/架位号 | 状态 | 备注 |
| 1 | 1207420 | 212074208 | 第一样本阅览室/ [索取号:G617/1002] | 在馆 | |
| 2 | 1207421 | 212074217 | 第四借阅区/ [索取号:G617/1002] | 在馆 |